000 00708nam a2200205 i 4500
001 28032
003 ES-MaACL
005 20230906153741.0
007 t|
008 030116s1969 sp ||||1| spa d
100 1 _aBandet, Jeanne.
_925179
245 1 3 _aLa educación física de los niños de 3 a 7 años /
_cJeanne Bandet, M. Abbadie ; versión... por A. Botella Carbonell ; revidada por Luis María Albors Llardent.
260 _aAlcoy :
_bMarfil,
_c1969.
300 _a204 p. :
_bil. ;
_c21 cm.
700 1 _aAbbadie, Madeleine,
_917996
700 1 _aBotella Carbonell, A.
_930754
700 1 _aAlbors Llardent, Luis María.
_919417
852 _aES-MaACL
_jC-46973
_bR.72330
999 _c28032
_d28032